Catálogo público

Análisis retrospectivo de la acarología en México, basado en tesis / (Record no. 220031)

MARC details
000 -CABECERA
campo de control de longitud fija 03352nam a22003257a 4500
003 - IDENTIFICADOR DEL NÚMERO DE CONTROL
campo de control OSt
005 - FECHA Y HORA DE LA ÚLTIMA TRANSACCIÓN
campo de control 20240731114950.0
007 - CAMPO FIJO DE DESCRIPCIÓN FÍSICA--INFORMACIÓN GENERAL
campo de control de longitud fija cr |||||||a||a
008 - DATOS DE LONGITUD FIJA--INFORMACIÓN GENERAL
campo de control de longitud fija 240729s2021 mx adb|fom||| 001 0 spa d
040 ## - FUENTE DE LA CATALOGACIÓN
Normas de descripción rda
100 1# - ENTRADA PRINCIPAL--NOMBRE DE PERSONA
Nombre de persona García González, Ivonne
9 (RLIN) 189301
245 10 - MENCIÓN DE TÍTULO
Título Análisis retrospectivo de la acarología en México, basado en tesis /
Mención de responsabilidad, etc. por Ivonne García González; presidente Ma. del Carmen Sánchez Gálvez; secretario Hugo Enrique González García; vocal José Sergio Sandoval Islas; suplente Calixto Leopoldo Carrillo Fonseca; suplente Roney Solano Vidal
264 #1 - PRODUCCIÓN, PUBLICACIÓN, DISTRIBUCIÓN, FABRICACIÓN Y COPYRIGHT
Producción, publicación, distribución, fabricación y copyright Chapingo, México :
Nombre del de productor, editor, distribuidor, fabricante El autor,
Fecha de producción, publicación, distribución, fabricación o copyright 2021.
300 ## - DESCRIPCIÓN FÍSICA
Extensión 1 recurso en línea (165 páginas):
Otras características físicas ilustraciones, cuadros, gráficas,
336 ## - TIPO DE CONTENIDO
Fuente rdacontent
Término de tipo de contenido texto
Código de tipo de contenido txt
337 ## - TIPO DE MEDIO
Fuente rdamedia
Nombre/término del tipo de medio computadora
Código del tipo de medio c
338 ## - TIPO DE SOPORTE
Fuente rdacarrier
Nombre/término del tipo de soporte recurso en línea
Código del tipo de soporte cr
502 ## - NOTA DE TESIS
Tipo de título Ingeniero Agrónomo Especialista en Parasitología Agrícola
Nombre de la institución que otorga el título Departamento de Enseñanza, Investigación y Servicio en Parasitología Agrícola,
Año de obtención del título 2021
Información miscelánea Licenciatura
504 ## - NOTA DE BIBLIOGRAFÍA, ETC.
Nota de bibliografía, etc. Incluye referencias bibliográficas: páginas 28-73
520 ## - SUMARIO, ETC.
Sumario, etc. Esta tesis fue escrita con la idea de agrupar y analizar en una sola publicación, las tesis <br/>generadas en México durante el periodo 1940-2020. Se realizó una búsqueda <br/>exhaustiva en la WEB y en diferentes bibliotecas de las Universidades más prestigiadas <br/>de México. Nuestros resultados indicaron que el estudio de la acarología en México ha <br/>sido determinado de acuerdo a su importancia económica, pues la mayor parte de <br/>ácaros investigados son de hábitos parásitos, aunque también se conocen muchos <br/>fitófagos, comensales y de vida libre que pueden ser acuáticos o terrestres y con <br/>diferentes hábitos alimenticios como lo son saprófagos, depredadores, micófagos, <br/>entre otros. Se ha logrado un avance en el conocimiento de ácaros plumícolas, <br/>acuáticos, del suelo, foréticos, pero sobre todo con los fitófagos que causan gran <br/>impacto en la agricultura del país. La Universidad Autónoma Chapingo, el Colegio de <br/>Postgraduados y la Universidad Autónoma Agraria Antonio Narro son las instituciones <br/>que lideran el estudio de los ácaros de importancia agrícola. Por otro lado, el Instituto <br/>Politécnico Nacional y la Universidad Nacional Autónoma de México, adquieren <br/>relevancia, en cuanto a los ácaros de importancia médica y biológica. Con esta <br/>investigación se pretende dar a conocer el avance del estudio de estos artrópodos en <br/>el país, debido a que por su tamaño muchos de ellos pasan desapercibidos cuando no <br/>causan daños al hombre, aunado a que existen pocos profesionales en el país, <br/>dedicados al estudio de ácaros fitófagos, los cuales cada día representan uno de los <br/>mayores problemas en la producción agrícola, sobre todo en la agricultura protegida, <br/>agricultura convencional y en el comercio internacional.<br/>
650 #7 - PUNTO DE ACCESO ADICIONAL DE MATERIA--TÉRMINO DE MATERIA
Término de materia o nombre geográfico como elemento de entrada Ácaros
Subdivisión general Identificación
9 (RLIN) 82380
650 #4 - PUNTO DE ACCESO ADICIONAL DE MATERIA--TÉRMINO DE MATERIA
Término de materia o nombre geográfico como elemento de entrada Ácaros
Subdivisión general Impacto económico
Subdivisión geográfica México
9 (RLIN) 189303
700 1# - PUNTO DE ACCESO ADICIONAL--NOMBRE DE PERSONA
Nombre de persona Sánchez Gálvez, Ma. del Carmen
9 (RLIN) 164748
Término indicativo de función/relación presidente
700 1# - PUNTO DE ACCESO ADICIONAL--NOMBRE DE PERSONA
Nombre de persona González García, Hugo Enrique
9 (RLIN) 130834
Término indicativo de función/relación secretario
700 1# - PUNTO DE ACCESO ADICIONAL--NOMBRE DE PERSONA
Nombre de persona Sandoval Islas, José Sergio
9 (RLIN) 102138
Término indicativo de función/relación vocal
700 1# - PUNTO DE ACCESO ADICIONAL--NOMBRE DE PERSONA
Nombre de persona Carrillo Fonseca, Calixto Leopoldo
9 (RLIN) 19482
Término indicativo de función/relación suplente
700 1# - PUNTO DE ACCESO ADICIONAL--NOMBRE DE PERSONA
Nombre de persona Solano Vidal, Roney
9 (RLIN) 189248
Término indicativo de función/relación suplente
856 ## - LOCALIZACIÓN Y ACCESO ELECTRÓNICOS
Identificador Uniforme del Recurso http://10.13.5.2/tesis/tl/2021_PA_Garcia_Gonzalez_Ivonne.pdf
Nota pública DESCARGAR PDF
942 ## - ELEMENTOS DE PUNTO DE ACCESO ADICIONAL (KOHA)
Fuente del sistema de clasificación o colocación Clasificación Universidad Autónoma Chapingo
Tipo de ítem Koha Tesis digital
Holdings
Estado de retiro Estado de pérdida Fuente del sistema de clasificación o colocación Estado dañado Restricciones de uso No para préstamo Código de colección Localización permanente Ubicación/localización actual Ubicación en estantería Fecha de adquisición Total de préstamos Signatura topográfica completa Fecha visto por última vez Precio válido a partir de Tipo de ítem Koha
    Clasificación Universidad Autónoma de Chapingo   Préstamo interno   Tesis digitales de Licenciatura Biblioteca Digital Biblioteca Digital En línea 29/07/2024   Tesis digital 29/07/2024 29/07/2024 Tesis digital